Central Library OPAC University of Rajshahi

শ্রীশ্রীপদকল্পতরু / (Record no. 38504)

MARC details
000 -LEADER
fixed length control field 01216nam a2200241 a 4500
001 - CONTROL NUMBER
control field 38504
003 - CONTROL NUMBER IDENTIFIER
rucl marc code BD-RjUL
005 - DATE AND TIME OF LATEST TRANSACTION
control field 20211209052817.0
008 - FIXED-LENGTH DATA ELEMENTS--GENERAL INFORMATION
fixed length control field 151221s1918 ii ||||| |||| 001 0 ben d
035 ## - SYSTEM CONTROL NUMBER
System control number (BD-RjUL)38609
040 ## - CATALOGING SOURCE
Original cataloging agency BD-RjUL
Language of cataloging ben
Transcribing agency BD-RjUL
Modifying agency BD-RjUL
041 ## - LANGUAGE CODE
Language code of text/sound track or separate title ben
082 ## - DEWEY DECIMAL CLASSIFICATION NUMBER
Edition number 23
Classification number 891.44108
Author mark and year SRI 1918
245 ## - TITLE STATEMENT
Title শ্রীশ্রীপদকল্পতরু /
Statement of responsibility, etc. শ্রীসতীশচন্দ্র রায় এম এ সম্পাদিত
Number of part/section of a work দ্বিতীয় খন্ড (তৃতীয় শাখা)
260 ## - PUBLICATION, DISTRIBUTION, ETC. (IMPRINT)
Place of publication, distribution, etc. কলিকাতা :
Name of publisher, distributor, etc. বঙ্গীয় সাহিত্য পরিষৎ মন্দির,
Date of publication, distribution, etc. ১৯১৮
300 ## - PHYSICAL DESCRIPTION
Pagination ১৩, ৪৫৬ পৃ. ;
Size ২৫ সেমি.
490 ## - SERIES STATEMENT
Series statement সাহিত্য পরিষদ্ গ্রন্থাবলী সং
Volume/sequential designation ৫০
500 ## - GENERAL NOTE
General note শব্দকোষ সংযুক্ত ।
650 ## - SUBJECT ADDED ENTRY--TOPICAL TERM
Topical term or geographic name as entry element বৈষ্ণব
Form subdivision বাংলা সাহিত্য
General subdivision প্রার্থনা ও নিষ্ঠা
9 (RLIN) 118880
Topical term or geographic name as entry element Vaishnavism
Form subdivision Bengali
General subdivision Prayers and devotions
9 (RLIN) 118881
700 ## - ADDED ENTRY--PERSONAL NAME
Personal name রায়, সতীশচন্দ্র
942 ## - ADDED ENTRY ELEMENTS (KOHA)
Source of classification or shelving scheme Dewey Decimal Classification
Koha item type Books
Holdings
Lost status Source of classification or shelving scheme Damaged status Not for loan Collection code Permanent Location Current Location Date acquired Total Checkouts Total Renewals Full call number Date last seen Date checked out Copy number Koha item type
Lost and Paid For Dewey Decimal Classification     Non-fiction Central Library, University of Rajshahi Central Library, University of Rajshahi 21/12/2015 14 1 B 891.44108 SRI V-2 1918 12/09/2024 09/03/2023 C-2 Books